| 000 | 00477nam a2200193Ia 4500 | ||
|---|---|---|---|
| 001 | 13882 | ||
| 003 | GE_BSU | ||
| 008 | 181216s||||||||xx |||||||||||||| ||und|| | ||
| 020 | _a0340681780 | ||
| 040 | _cGE_BSU | ||
| 100 | _aJeffers,Susan. | ||
| 245 | _aEnd the struggle and dance with life. | ||
| 260 | _aLondon. | ||
| 260 | _bCoronet Books.Hodder and stoughton. | ||
| 260 | _c1996 | ||
| 300 | _a252p;18cm. | ||
| 653 | _aEnd the struggle and dance with life. | ||
| 942 | _cBK | ||
| 999 |
_c47026 _d47026 |
||